000 00211nam a2200097Ia 4500
008 220204s9999 xx 000 0 und d
082 _a82-3
_bSLA
100 _aFrank G
245 0 _aStonewall brigade
942 _cBK
999 _c29548
_d29548